00479nam a2200193 a 4500001001300000003000900013005001700022008004100039020001000080082001600090100001900106245002400125260004700149300000800196500003500204505000800239650001900247700001900266nice12345678IN_TiNIC20260116011839.0050524s1937 kasa grp 000 0 eng  ac10000a001.42bOCH aOchunji, Basma aKhutut-Ul-Mutnauah. aKashgarbSevenska Missionstryckerietc1937 a48p aincludes index and biblioraphy2 aApp aLetter Writing1 aOchunji, Basma